000 00663nam a22002057a 4500
999 _c6419
_d6419
003 GBCCL
005 20241126110602.0
008 180514b ||||| |||| 00| 0 eng d
020 _a0939697505
040 _cgbc
082 _a270
_bGON
100 _aGonzalez, Catherine Gunsalus
_d1934 -
_911497
245 _aLeo and Gregory:
_bShapers of the Church /
_cCatherine Gunsalus Gonzalez
260 _aNashville:
_bGraded Press,
_c1988
300 _a63 p.;
_bport.,
_c21 cm.
650 _aLeo - I, Pope
_y461
_911498
650 _aGregory - I, Pope
_yAppox. 540 - 604
_911499
650 _aChurch history
_xPrimitive and early Church, ca.30 - 600
_98002
942 _2ddc
_cBK